| 000 | 01233nam0a22002531 4500 | ||
|---|---|---|---|
| 001 | rc\4704396 | ||
| 005 | 20250612010210.0 | ||
| 021 |
_aRU _b[67-8923] |
||
| 035 | _a(NLR Aleph) 008434545 | ||
| 090 |
_a9438729 _c9438729 |
||
| 100 | _a20130416d1967 |||y0rusy50 ca | ||
| 101 | 0 | _arus | |
| 102 | _aRU | ||
| 105 | _aa z ||||| | ||
| 200 | 1 |
_aИсследование проблемных вопросов механизации строительных работ (при сооружении земляного полотна) _eДоклад о результатах выполн. исследований и опубл. работах на соискание учен. степени д-ра техн. наук _fЦентр. науч.-исслед. и проектный ин-т типового и эксперим. проектирования жилища. Объед. учен. совет |
|
| 210 |
_aМосква _cБ. и. _d1967 |
||
| 215 |
_a47 с. _cчерт. |
||
| 320 | _aСписок работ авт.: с. 40-46 (57 назв.) | ||
| 700 | 1 |
_aСтрамоус _bМ.Ф. _gМихаил Федорович |
|
| 801 | 0 |
_aRU _bNLR _gpsbo |
|
| 801 | 1 |
_aRU _bELAR _2rusmarc |
|
| 852 |
_aNLR _j67-6/3647 |
||
| 942 | _cBOOK | ||
| 980 | _aNB | ||